00778naa a2200133 i 450000100060000000300090000600500170001500800410003204000290007310001090010224501200021165500300033177302830036110461KOSZ 00520180423142341.0180423s2000 pl a f |100 0 pol  aKOSZ 005/ARcKOSZ 005/AR1 aKUKIEŁKA, Leon.d1996 - .bPolitechnika Koszalińska - Wydział Mechaniczny,cKatedra Maszyn Roboczych10aDie Rolle der ausländischen, direkten Investitionen in der wirtschaftlichen Entwicklung Polens /cLeon Kukiełka. 0aMateriały konferencyjne.0 iW :t Die Einführung des Euro und Fördermöglichkeiten der Europäischen Union für die mittelständische Wirtschaft : Beiträge zum Seminar / hrsg. Michał Jasiulewicz, Bogusław Polak, Franz Stepanek. -dKoszalin : Wydaw. Uczelniane PK, 2000. -gs. 91-101z8388283480